[Event "Chigorin Memorial Blitz 30th"]
[Site "St Petersburg"]
[Date "2023.10.20"]
[Round "7"]
[White "Shapiro, Viktor"]
[Black "Bezgodov, Alexei"]
[Result "0-1"]
[WhiteElo "2113"]
[BlackElo "2411"]
[PlyCount "136"]
[EventDate "2023.10.20"]
[EventType "swiss (blitz)"]
[EventRounds "11"]
[EventCountry "RUS"]
[SourceTitle "Mega2024 Update 01"]
[Source "Chessbase"]
[SourceDate "2023.11.12"]
[SourceVersion "1"]
[SourceVersionDate "2023.11.12"]
[SourceQuality "1"]

1. c4 e6 2. Nc3 d5 3. d4 Nf6 4. Nf3 Nbd7 5. Bg5 Be7 6. e3 0-0 7. cxd5 Nxd5 8. Bxe7 Qxe7 9. Rc1 Nxc3 10. Rxc3 c5 11. Be2 cxd4 12. Qxd4 e5 13. Qd5 e4 14. Nd4 Nf6 15. Qc5 Qxc5 16. Rxc5 Bd7 17. 0-0 Rfc8 18. Rfc1 a6 19. f3 Rxc5 20. Rxc5 Rc8 21. Rxc8+ Bxc8 22. Kf2 Kf8 23. a3 Ke7 24. Nb3 exf3 25. gxf3 Kd6 26. e4 Nh5 27. Ke3 g5 28. Nd2 Nf4 29. Nc4+ Ke7 30. Bf1 Be6 31. Na5 b6 32. Nc6+ Kd6 33. Nd4 a5 34. h4 f6 35. b4 axb4 36. axb4 Ng6 37. hxg5 fxg5 38. Nb5+ Ke5 39. Nd4 Nf4 40. Nc6+ Kd6 41. Nd4 h5 42. Nb5+ Ke5 43. Nd4 h4 44. Nc6+ Kd6 45. Nd4 h3 46. Bxh3 Bxh3 47. Nb5+ Ke5 48. Na3 Bf1 49. Nc2 Bc4 50. Nd4 Be6 51. Nc6+ Kd6 52. Nd4 Bd7 53. Nc2 Ng6 54. Kd4 Ne5 55. Ke3 Nc6 56. f4 gxf4+ 57. Kxf4 Be6 58. b5 Na7 59. Nd4 Bd7 60. Ke3 Nxb5 61. Ne2 Ke5 62. Nc1 Bc6 63. Nd3+ Ke6 64. Nb4 Bb7 65. Nd3 Nd6 66. e5 Nf5+ 67. Kf4 Ne7 68. Ke3 Nc6 0-1

[Event "Cheliabinsk Panchenko Memorial op-A"]
[Site "Cheliabinsk"]
[Date "2022.09.18"]
[Round "7"]
[White "Bezgodov, Alexei"]
[Black "Rostovtsev, Dmitry"]
[Result "1/2-1/2"]
[WhiteElo "2431"]
[BlackElo "2309"]
[PlyCount "115"]
[EventDate "2022.09.12"]
[EventType "swiss"]
[EventRounds "10"]
[EventCountry "RUS"]
[SourceTitle "CBM 210 Extra"]
[Source "ChessBase"]
[SourceDate "2022.11.30"]
[SourceVersion "1"]
[SourceVersionDate "2022.11.30"]
[SourceQuality "1"]

1. e4 e5 2. Nf3 Nc6 3. Bb5 a6 4. Ba4 Nf6 5. 0-0 Be7 6. Re1 b5 7. Bb3 d6 8. c3 0-0 9. h3 Bb7 10. d4 Re8 11. Nbd2 Bf8 12. a3 h6 13. Bc2 Nb8 14. b3 Nbd7 15. Bb2 g6 16. a4 Bg7 17. Bd3 c6 18. Qc2 Qc7 19. Rad1 Nh5 20. Bf1 Nf4 21. b4 Ne6 22. Ba1 Rab8 23. Qa2 Nb6 24. dxe5 dxe5 25. a5 Na4 26. c4 Nd4 27. c5 Rbd8 28. Nc4 Nxf3+ 29. gxf3 Nxc5 30. bxc5 bxc4 31. Bxc4 Re7 32. Bc3 Bc8 33. Kh2 Rd4 34. Bxd4 exd4+ 35. Kg2 Qf4 36. Rd3 Re5 37. Kf1 Bxh3+ 38. Ke2 Rxc5 39. Rb1 Bg2 40. Qb3 Bxf3+ 41. Rxf3 Qxe4+ 42. Kd2 Rxc4 43. Rxf7 d3 44. Re7 Qd5 45. Rd7 Qxa5+ 46. Kxd3 Qf5+ 47. Kxc4 Qxd7 48. Qd3 Qf7+ 49. Kc5 Qxf2+ 50. Kxc6 Qf6+ 51. Kb7 Kh7 52. Rb6 Qf5 53. Qxf5 gxf5 54. Rxa6 h5 55. Kc6 Kg6 56. Kd5+ Kg5 57. Ra2 Bc3 58. Kc4 1/2-1/2

[Event "Cheliabinsk Panchenko Memorial op-A"]
[Site "Cheliabinsk"]
[Date "2022.09.14"]
[Round "3"]
[White "Bezgodov, Alexei"]
[Black "Gavrilov, Maxim"]
[Result "1-0"]
[WhiteElo "2431"]
[BlackElo "2176"]
[PlyCount "77"]
[EventDate "2022.09.12"]
[EventType "swiss"]
[EventRounds "10"]
[EventCountry "RUS"]
[SourceTitle "CBM 210 Extra"]
[Source "ChessBase"]
[SourceDate "2022.11.30"]
[SourceVersion "1"]
[SourceVersionDate "2022.11.30"]
[SourceQuality "1"]

1. e4 c5 2. Nf3 d6 3. d4 cxd4 4. Nxd4 Nf6 5. Nc3 a6 6. Bd3 e5 7. Nde2 Be7 8. 0-0 0-0 9. Kh1 b5 10. Ng3 b4 11. Nd5 Nxd5 12. exd5 f5 13. a3 f4 14. Ne4 Bb7 15. axb4 Bxd5 16. Nc3 Bb7 17. Bc4+ Kh8 18. Bd5 Nc6 19. Be4 Bg5 20. b5 axb5 21. Rxa8 Bxa8 22. Nxb5 Rf6 23. Qh5 Rh6 24. Qf7 Be7 25. Rd1 Nd4 26. Bxa8 Nxb5 27. Be4 Nd4 28. c3 Ne6 29. Bd5 Nc7 30. Bf3 Ne6 31. Qf5 Bf8 32. h3 Rf6 33. Qe4 Ng5 34. Qd5 Nxf3 35. Qxf3 Qe8 36. Qe4 f3 37. gxf3 Qf7 38. Kg2 Rg6+ 39. Kf1 1-0

[Event "Cheliabinsk Variation-A"]
[Site "Cheliabinsk"]
[Date "2022.04.04"]
[Round "4"]
[White "Barseghyan, Armen Ar"]
[Black "Bezgodov, Alexei"]
[Result "1-0"]
[WhiteElo "2356"]
[BlackElo "2438"]
[PlyCount "207"]
[EventDate "2022.04.01"]
[EventType "swiss"]
[EventRounds "9"]
[EventCountry "RUS"]
[SourceTitle "CBM 207 Extra"]
[Source "ChessBase"]
[SourceDate "2022.05.31"]
[SourceVersion "1"]
[SourceVersionDate "2022.05.31"]
[SourceQuality "1"]

1. d4 d5 2. c4 dxc4 3. Nf3 Nf6 4. e3 e6 5. Bxc4 c5 6. 0-0 Nc6 7. a3 Be7 8. dxc5 Qxd1 9. Rxd1 Bxc5 10. Nbd2 0-0 11. b4 Be7 12. Nb3 Nd7 13. b5 Nce5 14. Nxe5 Nxe5 15. Be2 a6 16. f4 Nd7 17. bxa6 bxa6 18. Na5 Bc5 19. Ra2 Nf6 20. Rc2 Bb6 21. Bf3 Ra7 22. Nc6 Rd7 23. Rxd7 Bxd7 24. Kf2 Re8 25. Bb2 h5 26. Bxf6 gxf6 27. Bxh5 Kg7 28. Be2 Rc8 29. Nb4 Rxc2 30. Nxc2 a5 31. Nd4 e5 32. fxe5 fxe5 33. Nf3 f6 34. Nd2 a4 35. Bd1 Bc5 36. Nb1 f5 37. Nc3 f4 38. Bxa4 Bg4 39. Bd1 fxe3+ 40. Kf1 Bf5 41. a4 Bb4 42. Nd5 Bd2 43. Nb6 Bd3+ 44. Be2 Bc2 45. Bb5 Bd1 46. Nd7 Bc3 47. Nc5 Bb4 48. Ne4 e2+ 49. Bxe2 Bxa4 50. Bf3 Bc2 51. Ng3 Bd2 52. Be4 Ba4 53. Kf2 Ba5 54. Nf5+ Kf6 55. Ne3 Bd7 56. Kf3 Bd2 57. Nd5+ Kg5 58. g3 Bh3 59. Ne3 Bc1 60. Bc6 Kf6 61. Ke4 Bd2 62. Bb7 Be1 63. Kf3 Kg5 64. Ba6 Bd2 65. Ke4 Kf6 66. Nd5+ Kg5 67. Ne3 Bc3 68. Bf1 Bd7 69. h4+ Kh6 70. Bc4 Be1 71. Kf3 Kg6 72. Bd5 Kh6 73. Ng2 Bc3 74. Be4 Kh5 75. Ne3 Bd4 76. Bd5 Kg6 77. Nf1 Bh3 78. Nd2 Bc3 79. Ne4 Be1 80. Nc5 Kf6 81. Nd3 Ba5 82. g4 Bf1 83. g5+ Kf5 84. Be4+ Ke6 85. Nf2 Bd2 86. Ng4 Bf4 87. Ne3 Bh3 88. Nd5 Bc1 89. Ne3 Kf7 90. h5 Be6 91. h6 Bd2 92. g6+ Kg8 93. Ke2 Bc1 94. Kd3 Kh8 95. Ke2 Kg8 96. Kf2 Kh8 97. Kf3 Kg8 98. Ke2 Kh8 99. Kd3 Kg8 100. Bd5 Bxd5 101. h7+ Kg7 102. Nxd5 e4+ 103. Kxe4 Bb2 104. Kf5 1-0

[Event "Cheliabinsk Variation-A"]
[Site "Cheliabinsk"]
[Date "2022.04.01"]
[Round "1"]
[White "Bezgodov, Alexei"]
[Black "Khudyakov, Stanislav"]
[Result "1-0"]
[WhiteElo "2438"]
[BlackElo "2230"]
[PlyCount "169"]
[EventDate "2022.04.01"]
[EventType "swiss"]
[EventRounds "9"]
[EventCountry "RUS"]
[SourceTitle "CBM 207 Extra"]
[Source "ChessBase"]
[SourceDate "2022.05.31"]
[SourceVersion "1"]
[SourceVersionDate "2022.05.31"]
[SourceQuality "1"]

1. c4 e5 2. Nc3 Bb4 3. g3 Nf6 4. Bg2 0-0 5. e4 Nc6 6. Nge2 a5 7. h3 d6 8. d3 Bc5 9. Be3 Be6 10. Qd2 Nd4 11. g4 c6 12. Ng3 Nd7 13. Nf5 Re8 14. h4 d5 15. cxd5 cxd5 16. exd5 Bxf5 17. gxf5 Nxf5 18. 0-0-0 Rc8 19. Kb1 Bb4 20. Bh3 Nd4 21. Rc1 a4 22. Qd1 a3 23. Ne4 Rxc1+ 24. Bxc1 Nb6 25. Rg1 f5 26. Bg5 Be7 27. Bxe7 Qxe7 28. d6 Qf8 29. Ng5 h6 30. Nf3 Qxd6 31. Nxd4 Qxd4 32. Qb3+ Kh8 33. Qxa3 Qxh4 34. Rh1 Qf4 35. Bg2 e4 36. Qc5 Nd7 37. Qd4 Nf6 38. dxe4 fxe4 39. a4 Qf5 40. Ka2 Qe6+ 41. b3 Qg4 42. Bf1 Qf3 43. Rh3 Qf5 44. Ka3 Qf4 45. Rc3 Rf8 46. Bb5 Ng4 47. Qd7 Nxf2 48. Rc8 e3 49. Qxb7 Qd6+ 50. b4 Kh7 51. Rxf8 Qxf8 52. a5 Qf6 53. Qd5 Qa1+ 54. Qa2 Qc3+ 55. Ka4 Qd4 56. Qc2+ g6 57. Qc7+ Kh8 58. Bc4 h5 59. Qf7 Qa1+ 60. Kb5 Qe5+ 61. Kc6 Qb8 62. Qxg6 Qc8+ 63. Kd5 Qd7+ 64. Qd6 Qb7+ 65. Qc6 Qf7+ 66. Kc5 Qe7+ 67. Kb5 Ng4 68. Be2 Nf6 69. a6 Qe5+ 70. Qc5 Qe8+ 71. Ka5 Qd8+ 72. Ka4 Qd7+ 73. b5 Qf7 74. a7 Qa2+ 75. Qa3 Qc2+ 76. Ka5 Qd2+ 77. Ka6 Qd8 78. Bf3 Qc8+ 79. Bb7 Qe6+ 80. b6 e2 81. a8Q+ Kh7 82. Qd3+ Kg7 83. Qg3+ Kh7 84. Be4+ Nxe4 85. Qb7+ 1-0

[Event "Cheliabinsk Variation Blitz"]
[Site "Cheliabinsk"]
[Date "2022.03.31"]
[Round "9"]
[White "Bezgodov, Alexei"]
[Black "Afanasiev, Nikita"]
[Result "1/2-1/2"]
[WhiteElo "2438"]
[BlackElo "2556"]
[PlyCount "100"]
[EventDate "2022.03.31"]
[EventType "swiss (blitz)"]
[EventRounds "13"]
[EventCountry "RUS"]
[SourceTitle "CBM 207 Extra"]
[Source "ChessBase"]
[SourceDate "2022.05.31"]
[SourceVersion "1"]
[SourceVersionDate "2022.05.31"]
[SourceQuality "1"]

1. e4 c5 2. Nf3 Nc6 3. d4 cxd4 4. Nxd4 Nf6 5. Nc3 e5 6. Nf5 d5 7. exd5 Bxf5 8. dxc6 bxc6 9. Qf3 Qd7 10. Bc4 Bd6 11. Bg5 e4 12. Qe2 Be5 13. Bxf6 gxf6 14. Nxe4 0-0 15. Rd1 Qe7 16. Ng3 Bxc2 17. Qxc2 Bxg3+ 18. Be2 Qb4+ 19. Kf1 Be5 20. b3 Rfd8 21. g3 Rxd1+ 22. Qxd1 Qa5 23. Bc4 Qxa2 24. Qh5 Rf8 25. Kg2 Qd2 26. Rd1 Qg5 27. Qf3 Rc8 28. Rd7 Rc7 29. Rxc7 Bxc7 30. Qxc6 Qe5 31. Qd7 Kg7 32. Qxf7+ Kh6 33. Qf8+ Kg6 34. Bd3+ f5 35. Qg8+ Kh6 36. h4 Qf6 37. Qd5 f4 38. Qf3 Be5 39. Qe4 Qg7 40. Qc6+ Qf6 41. Qb7 Qg7 42. Qa6+ Qf6 43. Qxa7 Qg7 44. Qxg7+ Kxg7 45. Kf3 fxg3 46. fxg3 h5 47. g4 hxg4+ 48. Kxg4 Bd6 49. Kf5 Be7 50. h5 Kh6 1/2-1/2

[Event "Cheliabinsk Variation Blitz"]
[Site "Cheliabinsk"]
[Date "2022.03.31"]
[Round "2"]
[White "Bezgodov, Alexei"]
[Black "Goganov, Aleksey"]
[Result "1/2-1/2"]
[WhiteElo "2438"]
[BlackElo "2582"]
[PlyCount "56"]
[EventDate "2022.03.31"]
[EventType "swiss (blitz)"]
[EventRounds "13"]
[EventCountry "RUS"]
[SourceTitle "CBM 207 Extra"]
[Source "ChessBase"]
[SourceDate "2022.05.31"]
[SourceVersion "1"]
[SourceVersionDate "2022.05.31"]
[SourceQuality "1"]

1. e4 c5 2. Nf3 Nc6 3. d4 cxd4 4. Nxd4 Nf6 5. Nc3 e5 6. Ndb5 d6 7. Bg5 a6 8. Na3 b5 9. Nd5 Be7 10. Bxf6 Bxf6 11. c3 Rb8 12. Nc2 0-0 13. g3 a5 14. a3 g6 15. Bg2 Bg7 16. h4 h5 17. 0-0 Be6 18. Nce3 Bh6 19. Qd3 b4 20. axb4 axb4 21. Ra6 Bxe3 22. fxe3 Bxd5 23. Qxd5 Rb6 24. Rxb6 Qxb6 25. Qxd6 bxc3 26. bxc3 Qxe3+ 27. Kh2 Qxc3 28. Rf6 Nd4 1/2-1/2

[Event "Cheliabinsk Variant Gp-A"]
[Site "Cheliabinsk"]
[Date "2021.03.29"]
[Round "8"]
[White "Demchenko, Anton"]
[Black "Bezgodov, Alexei"]
[Result "1/2-1/2"]
[WhiteElo "2610"]
[BlackElo "2452"]
[PlyCount "107"]
[EventDate "2021.03.23"]
[EventType "swiss"]
[EventRounds "10"]
[EventCountry "RUS"]
[SourceTitle "CBM 202 Extra"]
[Source "ChessBase"]
[SourceDate "2021.07.31"]
[SourceVersion "1"]
[SourceVersionDate "2021.07.31"]
[SourceQuality "1"]

1. e4 e5 2. Nf3 Nf6 3. Nxe5 d6 4. Nf3 Nxe4 5. Bd3 d5 6. Qe2 Qe7 7. 0-0 Nd6 8. Re1 Qxe2 9. Bxe2 Be7 10. Nc3 c6 11. b3 f6 12. Na4 Kf7 13. c4 dxc4 14. bxc4 Rd8 15. Bb2 Na6 16. Rac1 b5 17. cxb5 cxb5 18. Nc3 Nc7 19. Nd4 Bd7 20. Ne4 Ne6 21. Nxd6+ Bxd6 22. Bf3 Rac8 23. Rxc8 Bxc8 24. Nxb5 Bc5 25. d4 Bxd4 26. Ba3 Be5 27. Nxa7 Nd4 28. Be4 Be6 29. Bc5 Bxa2 30. Bxh7 Ne6 31. Nc6 Bxh2+ 32. Kxh2 Rh8 33. Be3 Rxh7+ 34. Kg1 Bd5 35. Nb4 Bb7 36. Rd1 g5 37. Rd6 Bc8 38. Rc6 Rh8 39. Na2 Rd8 40. Nc3 Bb7 41. Rb6 Rd7 42. Nb5 Bd5 43. Nd6+ Kg6 44. Nb5 Kf7 45. f3 Kg6 46. Nc3 Kf7 47. Kf2 Rd8 48. Nb5 Kg6 49. Nc3 Kf7 50. Ra6 Rd7 51. Rb6 Rd8 52. Ne2 Rc8 53. Rd6 Rd8 54. Rxd8 1/2-1/2

[Event "Cheliabinsk Variant Gp-A"]
[Site "Cheliabinsk"]
[Date "2021.03.24"]
[Round "2"]
[White "Bezgodov, Alexei"]
[Black "Somkin, Kirill"]
[Result "1-0"]
[WhiteElo "2452"]
[BlackElo "2189"]
[PlyCount "41"]
[EventDate "2021.03.23"]
[EventType "swiss"]
[EventRounds "10"]
[EventCountry "RUS"]
[SourceTitle "CBM 202 Extra"]
[Source "ChessBase"]
[SourceDate "2021.07.31"]
[SourceVersion "1"]
[SourceVersionDate "2021.07.31"]
[SourceQuality "1"]

1. e4 e5 2. Nf3 Nc6 3. Bb5 Bc5 4. c3 Nf6 5. d4 Bb6 6. Nxe5 Nxe5 7. dxe5 Nxe4 8. Qg4 Bxf2+ 9. Ke2 Qh4 10. Qxg7 Rf8 11. Bh6 Bc5 12. Nd2 a6 13. g3 Qh3 14. Nxe4 Qg2+ 15. Kd3 Qf3+ 16. Kd2 Qg2+ 17. Be2 Qxe4 18. Rhe1 Be7 19. Bd3 Qg2+ 20. Re2 Qh3 21. Qxh7 1-0

[Event "Cheliabinsk Lozovatsky Memorial-A"]
[Site "Cheliabinsk"]
[Date "2021.01.17"]
[Round "3"]
[White "Tsydypov, Zhamsaran"]
[Black "Bezgodov, Alexei"]
[Result "1-0"]
[WhiteElo "2552"]
[BlackElo "2449"]
[PlyCount "171"]
[EventDate "2021.01.15"]
[EventType "swiss"]
[EventRounds "10"]
[EventCountry "RUS"]
[SourceTitle "CBM 200 Extra"]
[Source "ChessBase"]
[SourceDate "2021.03.31"]
[SourceVersion "1"]
[SourceVersionDate "2021.03.31"]
[SourceQuality "1"]

1. e4 e5 2. Nf3 Nc6 3. d4 exd4 4. Nxd4 Nf6 5. Nxc6 bxc6 6. e5 Qe7 7. Qe2 Nd5 8. h4 d6 9. c4 Nb6 10. exd6 Qxe2+ 11. Bxe2 cxd6 12. Nc3 Be6 13. Bf3 Rc8 14. b3 d5 15. cxd5 Nxd5 16. Ne4 Bb4+ 17. Bd2 0-0 18. 0-0 c5 19. Rfc1 Bxd2 20. Nxd2 Nb6 21. Ne4 c4 22. b4 Bd5 23. Rc3 f5 24. Nd6 Rc6 25. Nb5 a6 26. Nd4 Rd6 27. a4 Bxf3 28. Nxf3 Rd3 29. Rc2 Rc8 30. Ne5 Rd5 31. Nf3 Rd3 32. Rb1 Nxa4 33. Ra1 Nb6 34. Rxa6 Nd5 35. Rxc4 Rd1+ 36. Kh2 Rxc4 37. Ra8+ Kf7 38. Ne5+ Ke7 39. Nxc4 Nxb4 40. Ne3 Rd7 41. Nxf5+ Kf7 42. g4 g6 43. Nh6+ Ke6 44. Kg3 Nd5 45. Ra6+ Ke7 46. g5 Rb7 47. Ra8 Ke6 48. Rf8 Rb3+ 49. f3 Rb7 50. Ng4 Rf7 51. Re8+ Re7 52. Rh8 Rb7 53. Nf2 Ne7 54. Ne4 Rc7 55. Kh3 Nf5 56. Rf8 Rc1 57. Ng3 Nxg3 58. Kxg3 Rg1+ 59. Kh2 Rb1 60. Rh8 Rb7 61. Kg3 Rf7 62. Kg4 Rd7 63. Rf8 Rd4+ 64. Kg3 Rd7 65. Rf6+ Ke7 66. Kg4 Rd1 67. h5 gxh5+ 68. Kxh5 Rh1+ 69. Kg4 Ke8 70. f4 Ke7 71. Kf5 Ke8 72. Ra6 Rh4 73. Ra7 Kf8 74. Ke5 Kg8 75. f5 Rb4 76. f6 Rb8 77. Kf5 Rb5+ 78. Kg4 Rb4+ 79. Kf5 Rb5+ 80. Ke6 Rb6+ 81. Ke7 Rb8 82. Rd7 Rf8 83. Ke6 Re8+ 84. Kf5 Re1 85. Rg7+ Kh8 86. Re7 1-0

[Event "Cheliabinsk Lozovatsky Memorial-A"]
[Site "Cheliabinsk"]
[Date "2021.01.16"]
[Round "2"]
[White "Bezgodov, Alexei"]
[Black "Ponkratov, Pavel"]
[Result "1-0"]
[WhiteElo "2449"]
[BlackElo "2623"]
[PlyCount "79"]
[EventDate "2021.01.15"]
[EventType "swiss"]
[EventRounds "10"]
[EventCountry "RUS"]
[SourceTitle "CBM 200 Extra"]
[Source "ChessBase"]
[SourceDate "2021.03.31"]
[SourceVersion "1"]
[SourceVersionDate "2021.03.31"]
[SourceQuality "1"]

1. e4 c5 2. Nf3 Nc6 3. Nc3 e5 4. Bc4 Be7 5. d3 Nf6 6. Nd5 d6 7. c3 0-0 8. 0-0 Kh8 9. a3 Nxd5 10. Bxd5 f5 11. b4 fxe4 12. dxe4 Bg4 13. bxc5 Rc8 14. Rb1 Na5 15. Qd3 Bxf3 16. gxf3 dxc5 17. Kh1 c4 18. Qe2 Nb3 19. Be3 b5 20. a4 bxa4 21. Bxc4 Nc5 22. Rfd1 Qc7 23. Ba2 a3 24. Rb4 Qc6 25. Rc4 Qa6 26. Qc2 Qf6 27. f4 Ne6 28. f5 Nf4 29. Rxc8 Rxc8 30. c4 Qh4 31. f3 Qh5 32. Qf2 Rb8 33. Rb1 Rd8 34. c5 Qh6 35. Bd5 Qa6 36. Bxf4 exf4 37. c6 Bd6 38. f6 gxf6 39. Rg1 Qb6 40. Qg2 1-0

[Event "Cheliabinsk Lozovatsky Memorial-A"]
[Site "Cheliabinsk"]
[Date "2020.01.22"]
[Round "8"]
[White "Bezgodov, Alexei"]
[Black "Remizov, Yaroslav"]
[Result "0-1"]
[WhiteElo "2456"]
[BlackElo "2382"]
[PlyCount "32"]
[EventDate "2020.01.15"]
[EventType "tourn"]
[EventRounds "9"]
[EventCountry "RUS"]
[EventCategory "8"]
[SourceTitle "CBM 194 Extra"]
[Source "ChessBase"]
[SourceDate "2020.03.31"]
[SourceVersion "1"]
[SourceVersionDate "2020.03.31"]
[SourceQuality "1"]

1. e4 c5 2. Nf3 d6 3. d4 cxd4 4. Nxd4 Nf6 5. Nc3 a6 6. h4 e5 7. Nf3 h6 8. Bc4 Be7 9. Be3 Be6 10. Qd3 Nc6 11. Bb3 Rc8 12. Rd1 0-0 13. Kf1 Na5 14. Kg1 Nc4 15. Bc1 b5 16. Nh2 Qc7 0-1

[Event "Cheliabinsk Lozovatsky Memorial-A"]
[Site "Cheliabinsk"]
[Date "2020.01.18"]
[Round "4"]
[White "Bezgodov, Alexei"]
[Black "Harutjunyan, Gevorg"]
[Result "1/2-1/2"]
[WhiteElo "2456"]
[BlackElo "2444"]
[PlyCount "95"]
[EventDate "2020.01.15"]
[EventType "tourn"]
[EventRounds "9"]
[EventCountry "RUS"]
[EventCategory "8"]
[SourceTitle "CBM 194 Extra"]
[Source "ChessBase"]
[SourceDate "2020.03.31"]
[SourceVersion "1"]
[SourceVersionDate "2020.03.31"]
[SourceQuality "1"]

1. e4 c6 2. d4 d5 3. Nc3 dxe4 4. Nxe4 Bf5 5. Ng3 Bg6 6. Nf3 Nd7 7. h4 h6 8. h5 Bh7 9. Bd3 Bxd3 10. Qxd3 e6 11. Bf4 Qa5+ 12. Bd2 Qc7 13. 0-0-0 Ngf6 14. Ne4 Be7 15. Nxf6+ Bxf6 16. g3 Qb6 17. c3 0-0-0 18. Kb1 Qb5 19. Qxb5 cxb5 20. Kc2 Nb6 21. Ne5 Bxe5 22. dxe5 Nc4 23. Bf4 Kc7 24. Rxd8 Rxd8 25. Rh4 Rh8 26. Rg4 Rh7 27. b3 Nb6 28. Be3 Nd7 29. Rf4 g5 30. hxg6 fxg6 31. Rg4 g5 32. f4 gxf4 33. Bxf4 h5 34. Rh4 Nf8 35. Bg5 Ng6 36. Rh2 Kc6 37. Bf6 Kd5 38. Re2 Rc7 39. Kd2 Ne7 40. Kd3 Nf5 41. Rg2 a6 42. g4 hxg4 43. Rxg4 Rh7 44. a4 Rh3+ 45. Kd2 Rh2+ 46. Kd3 Rh3+ 47. Kd2 Rh2+ 48. Kd3 1/2-1/2